[Event "Rated Blitz game"]
[Site "?"]
[Date "2021.06.02"]
[Round "?"]
[White "Deathllan1"]
[Black "Senor_de_los_vientos"]
[Result "1-0"]
[WhiteElo "2485"]
[BlackElo "2363"]
[PlyCount "139"]
[EventDate "2021.??.??"]
[EventType "blitz"]

1. e4 e5 2. Nf3 d5 3. Nxe5 Bd6 4. d4 dxe4 5. Nc3 Bxe5 6. dxe5 Qxd1+ 7. Kxd1 Nc6
8. Bb5 Bg4+ 9. Ke1 O-O-O 10. Bxc6 bxc6 11. Be3 f5 12. exf6 Nxf6 13. Bxa7 Nd5
14. Nxd5 Rxd5 15. h3 Bh5 16. g4 Bg6 17. Be3 Rhd8 18. Ke2 h5 19. Rhd1 hxg4 20.
hxg4 Bf7 21. b3 Be6 22. f3 exf3+ 23. Ke1 Bxg4 24. Rxd5 Rxd5 25. Kf2 Rh5 26. Rg1
Bf5 27. Kxf3 Bxc2 28. Rxg7 Rh3+ 29. Kf2 Rh2+ 30. Kg3 Re2 31. Bf4 Be4 32. Rxc7+
Kd8 33. Rb7 Rxa2 34. Bd6 Bd5 35. b4 Re2 36. Bc5 Re4 37. Rh7 Kc8 38. Kf2 Kd8 39.
Rh6 Kc8 40. Rh8+ Kd7 41. Rb8 Ke6 42. Rb7 Kf5 43. Rh7 Rc4 44. Ke3 Rc3+ 45. Kd2
Rc4 46. Rd7 Ke4 47. Re7+ Kf5 48. Kd3 Rc1 49. Re3 Rc4 50. Rh3 Rg4 51. Rh5+ Kg6
52. Rh8 Rg3+ 53. Kd4 Rg4+ 54. Ke5 Re4+ 55. Kd6 Re6+ 56. Kd7 Kf5 57. Rf8+ Ke4
58. Rf1 Kd3 59. Rd1+ Kc4 60. Rd4+ Kb5 61. Rxd5 cxd5 62. Kxe6 d4 63. Kd5 d3 64.
Be3 Kxb4 65. Bd2+ Kb3 66. Kd4 Kc2 67. Ke3 Kb1 68. Be1 Kc2 69. Bd2 Kb1 70. Kf2 {
Time forfeit} 1-0

[Event "Rated Blitz tournament UWn05mPF"]
[Site "?"]
[Date "2021.06.02"]
[Round "?"]
[White "mohammedarrami"]
[Black "dr_xStranger"]
[Result "0-1"]
[WhiteElo "2538"]
[BlackElo "2498"]
[PlyCount "160"]
[EventDate "2021.??.??"]
[EventType "blitz"]

1. e4 e5 2. Nf3 d5 3. exd5 e4 4. Qe2 Nf6 5. Nc3 Be7 6. Nxe4 O-O 7. d3 Nxd5 8.
Qd1 Re8 9. Be2 f5 10. Ng3 Bd6 11. O-O Nc6 12. d4 Nf4 13. Bxf4 Bxf4 14. Bd3 Kh8
15. c3 Rf8 16. Re1 Bd6 17. Qd2 Qf6 18. Qg5 Qf7 19. b3 h6 20. Qh4 Bd7 21. Bc4
Qg6 22. Qh5 Qxh5 23. Nxh5 g6 24. Ng3 Rae8 25. Bd5 Kg7 26. Nd2 Bf4 27. Nc4 b5
28. Ne3 Bg5 29. Nef1 b4 30. Bxc6 Bxc6 31. c4 Bd7 32. d5 Bf6 33. Rad1 Bc3 34.
Rxe8 Rxe8 35. Rd3 f4 36. Nh1 Re1 37. Rf3 g5 38. a3 Bg4 39. axb4 Bxf3 40. gxf3
Bxb4 41. Kg2 a5 42. h4 Rb1 43. hxg5 hxg5 44. Nh2 Rxb3 45. Ng4 a4 46. Kh3 a3 47.
Ne5 a2 48. Ng3 a1=Q 49. Nh5+ Kh6 50. Nf6 Qh1+ 51. Kg4 Kg7 52. Kf5 Qh3+ 53. Neg4
Rxf3 54. Ne8+ Kf8 55. Nef6 Be7 56. Ne4 Bf6 57. Nexf6 Rxf2 58. c5 Rg2 59. d6
cxd6 60. cxd6 Qd3+ 61. Ke6 Re2+ 62. Kd7 Qf5+ 63. Kd8 Re6 64. Nd7+ Kg7 65. Kc7
f3 66. Nf2 g4 67. Nb6 Rxd6 68. Kxd6 g3 69. Nh1 g2 70. Ng3 g1=Q 71. Nxf5+ Kf6
72. Nd5+ Kxf5 73. Ne7+ Ke4 74. Nd5 Qd4 75. Ke6 Qxd5+ 76. Ke7 Qe5+ 77. Kd7 f2
78. Kc6 f1=Q 79. Kd7 Qd3+ 80. Kc6 Qed4 {Time forfeit} 0-1

[Event "Rated Blitz tournament TtBJv73K"]
[Site "?"]
[Date "2021.06.02"]
[Round "?"]
[White "Sernini2"]
[Black "jflup"]
[Result "0-1"]
[WhiteElo "2211"]
[BlackElo "2490"]
[PlyCount "43"]
[EventDate "2021.??.??"]
[EventType "blitz"]

1. e4 e5 2. Nf3 d5 3. Nxe5 Bd6 4. d4 dxe4 5. Nc3 Bxe5 6. dxe5 Qxd1+ 7. Kxd1 Bf5
8. Bf4 Nc6 9. Bb5 O-O-O+ 10. Kc1 Nge7 11. Rd1 Ng6 12. Bxc6 bxc6 13. Be3 a6 14.
Rxd8+ Rxd8 15. Na4 Nxe5 16. Nc5 a5 17. b3 Ng4 18. a4 Nxe3 19. fxe3 Rd5 20. b4
axb4 21. Nb3 c5 22. Nd2 {Normal} 0-1

[Event "Rated Blitz game"]
[Site "?"]
[Date "2021.06.02"]
[Round "?"]
[White "forever_young1988"]
[Black "DarthZannah"]
[Result "1-0"]
[WhiteElo "2451"]
[BlackElo "2572"]
[PlyCount "73"]
[EventDate "2021.??.??"]
[EventType "blitz"]

1. e4 e5 2. Nf3 d5 3. exd5 e4 4. Ne5 Qxd5 5. d4 exd3 6. Nxd3 Nf6 7. Nc3 Qf5 8.
Be2 Bd6 9. O-O Be6 10. Bf3 Nc6 11. Re1 O-O 12. Ne4 Nd4 13. Nxf6+ Qxf6 14. Bxb7
Rab8 15. Be4 Rfe8 16. c3 Nf5 17. Bc6 Red8 18. Qf3 Qh4 19. g3 Qh3 20. Bg5 Rdc8
21. Rxe6 fxe6 22. Bd7 Rf8 23. Bxe6+ Kh8 24. Nf4 Bxf4 25. Bxf4 Rxb2 26. Bxc7 h5
27. Bd6 Rf6 28. Qa8+ Kh7 29. Qg8+ Kg6 30. Qe8+ Kg5 31. Bf4+ Kg4 32. Qc6 Rxf2
33. Bxf5+ Kxf5 34. Qd7+ Re6 35. Qf7+ Rf6 36. Qd5+ Kg6 37. Kxf2 {Time forfeit}
1-0

[Event "Rated Blitz tournament vfJRXHyT"]
[Site "?"]
[Date "2021.06.02"]
[Round "?"]
[White "FREDERICKtheMATE"]
[Black "Grimlock_Glasgow"]
[Result "0-1"]
[WhiteElo "2409"]
[BlackElo "2481"]
[PlyCount "60"]
[EventDate "2021.??.??"]
[EventType "blitz"]

1. e4 e5 2. Nf3 d5 3. exd5 Bd6 4. d4 e4 5. Ne5 Nf6 6. Bb5+ Nbd7 7. Nc3 O-O 8.
Nxd7 Bxd7 9. Bg5 Bf5 10. O-O a6 11. Be2 h6 12. Be3 Re8 13. Qd2 Bb4 14. Bc4 Bxc3
15. Qxc3 Nxd5 16. Qb3 Be6 17. Bxd5 Qxd5 18. Qxd5 Bxd5 19. b3 b5 20. a4 g5 21.
axb5 axb5 22. Bd2 f5 23. h4 f4 24. hxg5 hxg5 25. Rfe1 Kf7 26. g3 e3 27. fxe3
Rxa1 28. Rxa1 fxe3 29. Bc3 Rh8 30. Kf1 Bf3 {Normal} 0-1

[Event "Rated Blitz game"]
[Site "?"]
[Date "2021.06.02"]
[Round "?"]
[White "Ghibli"]
[Black "elcabusin"]
[Result "0-1"]
[WhiteElo "2376"]
[BlackElo "2403"]
[PlyCount "102"]
[EventDate "2021.??.??"]
[EventType "blitz"]

1. e4 e5 2. Nf3 d5 3. Nxe5 Bd6 4. d4 dxe4 5. Nc3 Bxe5 6. dxe5 Qxd1+ 7. Nxd1 Nc6
8. Bb5 Nge7 9. Nc3 Bf5 10. O-O O-O-O 11. Bg5 Rhe8 12. Rfe1 h6 13. Bxc6 bxc6 14.
Bf4 Ng6 15. Be3 Kb7 16. Bc5 Rxe5 17. b4 Rd2 18. Rac1 h5 19. a4 h4 20. h3 Nf4
21. Be3 Nxh3+ 22. gxh3 Rd6 23. Kh2 Rg6 24. Rg1 Re7 25. Rxg6 Bxg6 26. Rd1 f6 27.
Rd4 Re5 28. a5 c5 29. bxc5 Kc6 30. Rd8 f5 31. Bf4 Re7 32. Ra8 Kb7 33. Rg8 Kc6
34. Ra8 Kb7 35. Rd8 Bf7 36. a6+ Kc6 37. Ra8 g5 38. Bxg5 Rd7 39. Bxh4 Rd2 40.
Rxa7 Rxc2 41. Na4 f4 42. Bg5 e3 43. Kg2 Bd5+ 44. Kf1 Bc4+ 45. Ke1 exf2+ 46. Kd1
f1=Q+ 47. Kxc2 Qd3+ 48. Kb2 Qb3+ 49. Kc1 Qxa4 50. Bxf4 Qa1+ 51. Kd2 Qd4+ {
Time forfeit} 0-1

[Event "Rated Blitz game"]
[Site "?"]
[Date "2021.06.02"]
[Round "?"]
[White "koromarbel"]
[Black "annaly1979"]
[Result "0-1"]
[WhiteElo "2443"]
[BlackElo "2408"]
[PlyCount "40"]
[EventDate "2021.??.??"]
[EventType "blitz"]

1. e4 e5 2. Nf3 d5 3. exd5 e4 4. Qe2 f5 5. d3 Nf6 6. Nc3 Bb4 7. Bg5 Bxc3+ 8.
bxc3 O-O 9. dxe4 fxe4 10. Bxf6 Qxf6 11. Nd4 c5 12. dxc6 Nxc6 13. O-O-O Kh8 14.
Qxe4 Nxd4 15. Rxd4 Bf5 16. Qxb7 Rab8 17. Qxa7 Ra8 18. Qc5 Rxa2 19. Bd3 Bxd3 20.
Rxd3 Ra1+ {Normal} 0-1

[Event "Rated Blitz game"]
[Site "?"]
[Date "2021.06.02"]
[Round "?"]
[White "forever_young1988"]
[Black "DarthZannah"]
[Result "0-1"]
[WhiteElo "2453"]
[BlackElo "2570"]
[PlyCount "70"]
[EventDate "2021.??.??"]
[EventType "blitz"]

1. e4 e5 2. Nf3 d5 3. Nxe5 dxe4 4. d4 Nd7 5. Nc4 Nb6 6. Nc3 f5 7. Ne5 Be6 8. f3
Nf6 9. Bg5 Bb4 10. fxe4 fxe4 11. Be2 Nbd5 12. O-O Bxc3 13. Bxf6 gxf6 14. Bh5+
Ke7 15. bxc3 fxe5 16. Qe1 Nf4 17. dxe5 Nxh5 18. Qh4+ Ke8 19. Qxh5+ Ke7 20. Qg5+
Ke8 21. Rf6 Qe7 22. Raf1 Rd8 23. h4 Kd7 24. Qh6 Bc4 25. R1f4 Qxe5 26. R6f5 Qe7
27. Qh5 Kc8 28. Re5 Qg7 29. Rfxe4 Rhg8 30. Qf3 Bd5 31. Qh3+ Kb8 32. Re7 Qg6 33.
Re2 Qb6+ 34. Kh2 h5 35. Qe3 Qd6+ {Time forfeit} 0-1

[Event "Rated Blitz game"]
[Site "?"]
[Date "2021.06.02"]
[Round "?"]
[White "Manu94"]
[Black "annaly1979"]
[Result "1-0"]
[WhiteElo "2503"]
[BlackElo "2413"]
[PlyCount "42"]
[EventDate "2021.??.??"]
[EventType "blitz"]

1. e4 e5 2. Nf3 d5 3. d4 dxe4 4. Nxe5 Bd6 5. Bc4 Bxe5 6. Qh5 Qe7 7. Qxe5 Qxe5
8. dxe5 Nc6 9. Nc3 Nge7 10. Bf4 Ng6 11. Bg3 Ncxe5 12. Bb3 Bg4 13. h3 Bf5 14.
O-O-O c6 15. Rhe1 O-O 16. Nxe4 Bxe4 17. Rxe4 Rfe8 18. Rde1 c5 19. Bxe5 Nxe5 20.
Rxe5 Rxe5 21. Rxe5 Kf8 {Normal} 1-0

[Event "Rated Blitz game"]
[Site "?"]
[Date "2021.06.02"]
[Round "?"]
[White "Licenciadomate"]
[Black "CristianS27"]
[Result "0-1"]
[WhiteElo "2443"]
[BlackElo "2447"]
[PlyCount "64"]
[EventDate "2021.??.??"]
[EventType "blitz"]

1. e4 e5 2. Nf3 d5 3. Nxe5 dxe4 4. Qe2 Nf6 5. d3 Be7 6. dxe4 O-O 7. Nc3 Re8 8.
Bd2 Bb4 9. f4 Nc6 10. O-O-O Nxe5 11. fxe5 Bg4 12. Qc4 Bxd1 13. Qxb4 Ng4 14.
Nxd1 a5 15. Qc3 Nxe5 16. Be2 Qh4 17. Bd3 Rad8 18. g3 Qh5 19. Ne3 Nxd3+ 20. cxd3
Qe2 21. Kc2 b5 22. Re1 Qxh2 23. Nf5 f6 24. Qxa5 Kh8 25. Re3 Ra8 26. Qxb5 Reb8
27. Qc4 Rxb2+ 28. Kxb2 Qxd2+ 29. Kb1 Rb8+ 30. Qb3 Rxb3+ 31. axb3 g6 32. Rf3
Qd1+ {Normal} 0-1

[Event "Rated Blitz tournament UWn05mPF"]
[Site "?"]
[Date "2021.06.02"]
[Round "?"]
[White "DrChessAlawi"]
[Black "dr_xStranger"]
[Result "1-0"]
[WhiteElo "2459"]
[BlackElo "2506"]
[PlyCount "101"]
[EventDate "2021.??.??"]
[EventType "blitz"]

1. e4 e5 2. Nf3 d5 3. exd5 e4 4. Nd4 Qxd5 5. Nb3 Nc6 6. Nc3 Qe5 7. Be2 Bd6 8.
d4 exd3 9. cxd3 Nf6 10. d4 Qe7 11. Be3 O-O 12. O-O Bf5 13. Bf3 Nb4 14. Qd2 c6
15. Bg5 h6 16. Be3 Rfe8 17. Rac1 Bg4 18. Qd1 Qd7 19. a3 Nbd5 20. Nxd5 cxd5 21.
Re1 Qf5 22. Nc5 b6 23. Na6 Rac8 24. Rxc8 Rxc8 25. Bxg4 Nxg4 26. h3 Nxe3 27.
Rxe3 Bf4 28. Re1 Rc1 29. Qe2 Qd3 30. Qe8+ Kh7 31. Rxc1 Bxc1 32. Qxf7 Qe4 33.
Nb4 Bxb2 34. Nxd5 Bxd4 35. Ne7 Qe1+ 36. Kh2 Qe5+ 37. f4 Qb8 38. h4 Bf6 39. Ng6
Qg8 40. Nf8+ Kh8 41. Qe8 Bd4 42. g3 Bc5 43. Ng6+ Kh7 44. Qe4 Qa2+ 45. Kh3 Kg8
46. h5 Qf7 47. Qa8+ Bf8 48. g4 Qb3+ 49. Kh4 Qc4 50. Qxf8+ Kh7 51. Qh8# {Normal}
1-0

[Event "Rated Blitz game"]
[Site "?"]
[Date "2021.06.02"]
[Round "?"]
[White "Deathllan1"]
[Black "annaly1979"]
[Result "1/2-1/2"]
[WhiteElo "2469"]
[BlackElo "2434"]
[PlyCount "138"]
[EventDate "2021.??.??"]
[EventType "blitz"]

1. e4 e5 2. Nf3 d5 3. Nxe5 Qe7 4. d4 f6 5. Nf3 dxe4 6. Nfd2 f5 7. Nc3 Nf6 8.
Nc4 Nc6 9. d5 Ne5 10. Nxe5 Qxe5 11. Be3 a6 12. a4 Bd6 13. Bc4 O-O 14. Bd4 Qe7
15. h3 Kh8 16. Qd2 Bd7 17. a5 Nh5 18. Be2 Nf4 19. Bf1 Rae8 20. O-O-O Ng6 21. h4
Bf4 22. Be3 Bxe3 23. fxe3 f4 24. h5 fxe3 25. Qxe3 Ne5 26. h6 Ng4 27. hxg7+ Qxg7
28. Qd4 Nf2 29. Qxg7+ Kxg7 30. Be2 Nxd1 31. Rxd1 Rf2 32. Bf1 Ref8 33. Bc4 Rxg2
34. Nxe4 Bf5 35. Bd3 Bg6 36. b3 Re8 37. Nc5 Bxd3 38. Rxd3 Re1+ 39. Kb2 Ree2 40.
Rc3 Rd2 41. Ne6+ Kf6 42. Nxc7 Ke5 43. b4 Kd6 44. Kb3 h5 45. Ne8+ Kxd5 46. Nf6+
Ke6 47. Nxh5 Rdf2 48. Rc7 Kd6 49. Rxb7 Rxc2 50. Nf4 Rb2+ 51. Kc3 Rgc2+ 52. Kd4
Rc7 53. Rb6+ Rc6 54. Rb8 Kc7 55. Rg8 Rxb4+ 56. Ke3 Rc3+ 57. Kd2 Rc5 58. Ne6+
Kd6 59. Nxc5 Kxc5 60. Rg5+ Kc4 61. Kc2 Ra4 62. Kb2 Kb4 63. Rg4+ Kxa5 64. Rxa4+
Kxa4 65. Ka1 Kb3 66. Kb1 a5 67. Ka1 a4 68. Kb1 a3 69. Ka1 a2 {Normal} 1/2-1/2

[Event "Rated Blitz game"]
[Site "?"]
[Date "2021.06.02"]
[Round "?"]
[White "elpensionado"]
[Black "Slimslik02"]
[Result "1-0"]
[WhiteElo "2559"]
[BlackElo "2412"]
[PlyCount "91"]
[EventDate "2021.??.??"]
[EventType "blitz"]

1. e4 e5 2. Nf3 d5 3. d3 dxe4 4. dxe4 Qxd1+ 5. Kxd1 Bg4 6. Nbd2 Nc6 7. Bd3
O-O-O 8. h3 Bh5 9. g4 Bg6 10. h4 f6 11. h5 Bf7 12. Ke2 Bc5 13. c3 Nh6 14. Rg1
Bxf2 15. Rg2 Bb6 16. a4 a6 17. b4 Rhe8 18. Nc4 Ng8 19. Nxb6+ cxb6 20. Be3 Kc7
21. b5 axb5 22. Bxb5 Re7 23. Rb1 Na5 24. Nd2 Rd6 25. g5 Bxh5+ 26. Ke1 Bg6 27.
Nc4 Bxe4 28. Nxd6 Kxd6 29. Bxb6 Bxb1 30. Bxa5 Be4 31. Bb4+ Kc7 32. Rg1 fxg5 33.
Bxe7 Nxe7 34. Rxg5 Ng6 35. Be8 Kd6 36. Kd2 Ke6 37. Bb5 Kf6 38. Rg1 Nf4 39. a5
g5 40. Ke3 h5 41. Kxe4 h4 42. Bc6 h3 43. Bxb7 h2 44. Rf1 g4 45. Rxf4+ exf4 46.
Kxf4 {Time forfeit} 1-0

[Event "Rated Blitz game"]
[Site "?"]
[Date "2021.06.02"]
[Round "?"]
[White "izel2"]
[Black "annaly1979"]
[Result "0-1"]
[WhiteElo "2559"]
[BlackElo "2433"]
[PlyCount "142"]
[EventDate "2021.??.??"]
[EventType "blitz"]

1. e4 e5 2. Nf3 d5 3. Nxe5 Qe7 4. d4 f6 5. Nd3 Nc6 6. Be3 dxe4 7. Nf4 f5 8.
Qh5+ Qf7 9. Qxf7+ Kxf7 10. Bc4+ Ke8 11. h4 Nf6 12. Nd2 a6 13. O-O-O Bd6 14. c3
Ke7 15. Nd5+ Nxd5 16. Bxd5 Be6 17. Bg5+ Kf7 18. Bxe6+ Kxe6 19. Nc4 Kf7 20. d5
Ne5 21. Nxe5+ Bxe5 22. c4 h6 23. Bd2 b6 24. Kc2 a5 25. Bc3 Bd6 26. h5 Rhe8 27.
f3 e3 28. Rde1 f4 29. Re2 a4 30. Rh4 Re7 31. Rg4 Kf8 32. Rg6 Rae8 33. b4 axb3+
34. axb3 Ra8 35. b4 Ra2+ 36. Kd3 Ra3 37. Kc2 Ra2+ 38. Kd3 Ra3 39. Kc2 Be5 40.
Bxe5 Rxe5 41. Kb2 Rd3 42. Rc6 b5 43. Rxc7 bxc4 44. Rxc4 Rexd5 45. Rxf4+ Kg8 46.
Rc4 Kf7 47. Kc2 Rd2+ 48. Rxd2 Rxd2+ 49. Kc3 Rxg2 50. Re4 e2 51. Kd2 Rf2 52. f4
Kf6 53. Ke1 Rh2 54. Rxe2 Rxh5 55. Re4 Rb5 56. Kd2 Kf5 57. Rd4 h5 58. Kc3 h4 59.
Rd2 Kxf4 60. Kc4 Rb8 61. b5 g5 62. Kb4 g4 63. Rd4+ Kf3 64. Rc4 h3 65. Rc3+ Kg2
66. Rc8 Rxc8 67. b6 Rc1 68. b7 Rb1+ 69. Kc5 Rxb7 70. Kd4 Re7 71. Kd5 h2 {
Time forfeit} 0-1

[Event "Rated Blitz game"]
[Site "?"]
[Date "2021.06.02"]
[Round "?"]
[White "ericLH"]
[Black "annaly1979"]
[Result "0-1"]
[WhiteElo "2438"]
[BlackElo "2407"]
[PlyCount "78"]
[EventDate "2021.??.??"]
[EventType "blitz"]

1. e4 e5 2. Nf3 d5 3. Nxe5 Qe7 4. d4 f6 5. Ng4 Nc6 6. Bb5 Bd7 7. Bxc6 Bxc6 8.
e5 h5 9. Ne3 fxe5 10. dxe5 Qxe5 11. O-O O-O-O 12. c3 Nf6 13. Re1 Bd6 14. g3
Rde8 15. Na3 h4 16. Nac2 hxg3 17. hxg3 Ne4 18. Ng2 Qf6 19. Bf4 Bc5 20. Nd4 g5
21. Be3 Bd7 22. Nc2 Nxf2 23. Bxc5 Nxd1 24. Raxd1 Rxe1+ 25. Rxe1 b6 26. Bd4 Qf8
27. Bxh8 Qxh8 28. Nd4 c5 29. Nf3 Qh5 30. Kf2 d4 31. cxd4 Bc6 32. Re3 cxd4 33.
Nxd4 Bb7 34. Ne1 Qh2+ 35. Kf1 g4 36. Re2 Qh8 37. Rc2+ Kb8 38. Ne6 Qf6+ 39. Nf4
Ba6+ {Time forfeit} 0-1

[Event "Rated Blitz game"]
[Site "?"]
[Date "2021.06.02"]
[Round "?"]
[White "Wea_pawn"]
[Black "annaly1979"]
[Result "1-0"]
[WhiteElo "2480"]
[BlackElo "2432"]
[PlyCount "45"]
[EventDate "2021.??.??"]
[EventType "blitz"]

1. e4 e5 2. Nf3 d5 3. d4 dxe4 4. Nxe5 Bd6 5. Nc4 Nf6 6. Nxd6+ cxd6 7. d5 h6 8.
Nc3 O-O 9. Be3 Bf5 10. Be2 Nbd7 11. g4 a6 12. gxf5 Rc8 13. Rg1 Kh7 14. Qd2 b5
15. a3 Ne5 16. Bd4 Qe7 17. Qf4 Nd3+ 18. cxd3 exd3 19. Be3 dxe2 20. Rxg7+ Kxg7
21. Qxh6+ Kg8 22. Kxe2 Ng4 23. Rg1 {Normal} 1-0

[Event "Rated Blitz game"]
[Site "?"]
[Date "2021.06.02"]
[Round "?"]
[White "kadirakin"]
[Black "Slimslik02"]
[Result "1-0"]
[WhiteElo "2438"]
[BlackElo "2410"]
[PlyCount "131"]
[EventDate "2021.??.??"]
[EventType "blitz"]

1. e4 e5 2. Nf3 d5 3. exd5 e4 4. Qe2 Nf6 5. d3 Bb4+ 6. Bd2 Bxd2+ 7. Nbxd2 O-O
8. dxe4 c6 9. O-O-O Qa5 10. Kb1 cxd5 11. Nb3 Qa4 12. exd5 Bg4 13. Qc4 Qxc4 14.
Bxc4 Bxf3 15. gxf3 Nbd7 16. Nd4 Nb6 17. Bb3 Nbxd5 18. Nf5 Nf4 19. Rhg1 g6 20.
Nd6 b6 21. Rge1 a5 22. Re7 a4 23. Bxf7+ Kh8 24. Bc4 b5 25. Nxb5 Rae8 26. Rde1
Rxe7 27. Rxe7 N6d5 28. Re5 Nb4 29. a3 Nc6 30. Re4 Na5 31. Nc3 Rc8 32. Bb5 Kg7
33. Rxf4 Nb7 34. Bxa4 Nd6 35. Bb3 Nf5 36. a4 Kf6 37. a5 Ke5 38. Ra4 Nd4 39. a6
Nxb3 40. cxb3 Ra8 41. a7 Kd6 42. b4 Kc6 43. b5+ Kb7 44. Kc2 Rxa7 45. Rxa7+ Kxa7
46. Kd3 Kb6 47. Ke4 Kc5 48. Kf4 h6 49. h4 Kb6 50. h5 gxh5 51. Kg3 Kc5 52. Kh4
Kc4 53. Kxh5 Kb3 54. Kxh6 Kxb2 55. b6 Kxc3 56. b7 Kd2 57. b8=Q Ke1 58. f4 Kf1
59. f5 Kg2 60. f6 Kxf2 61. f7 Kg2 62. f8=Q Kh3 63. Qbf4 Kg2 64. Qf3+ Kh2 65.
Q8f4+ Kg1 66. Q4g3# {Normal} 1-0

[Event "Rated Blitz game"]
[Site "?"]
[Date "2021.06.02"]
[Round "?"]
[White "AmpleSquareControl"]
[Black "annaly1979"]
[Result "0-1"]
[WhiteElo "2511"]
[BlackElo "2441"]
[PlyCount "80"]
[EventDate "2021.??.??"]
[EventType "blitz"]

1. e4 e5 2. Nf3 d5 3. Nxe5 Qe7 4. d4 f6 5. Ng4 Nc6 6. Ne3 Qxe4 7. Nc3 Bb4 8.
Bd2 Bxc3 9. Bxc3 Nge7 10. Bd3 Qh4 11. g3 Qh3 12. Qf3 Be6 13. O-O-O O-O-O 14.
Rde1 Rhe8 15. a3 h5 16. Qe2 Bf7 17. f3 Qd7 18. Qf2 Bg6 19. Bxg6 Nxg6 20. h4
Nge7 21. Ng2 g6 22. Nf4 Kb8 23. Re2 Qf5 24. Rhe1 g5 25. Nxh5 gxh4 26. Ng7 Qg5+
27. f4 Qxg7 28. gxh4 Rh8 29. Bd2 Nf5 30. Rh1 Nd6 31. Ree1 Ne4 32. Qf3 f5 33.
Be3 Qg4 34. Qf1 Ng3 35. Qb5 Nxh1 36. Rxh1 Rxh4 37. Re1 Rh3 38. Bd2 Qh4 39. a4
a6 40. Qb3 Nxd4 {Normal} 0-1

[Event "Rated Blitz tournament UWn05mPF"]
[Site "?"]
[Date "2021.06.02"]
[Round "?"]
[White "youareagmharry"]
[Black "dr_xStranger"]
[Result "1/2-1/2"]
[WhiteElo "2552"]
[BlackElo "2501"]
[PlyCount "27"]
[EventDate "2021.??.??"]
[EventType "blitz"]

1. e4 e5 2. Nf3 d5 3. d4 dxe4 4. Nxe5 Bd6 5. Nc4 Nf6 6. Nc3 O-O 7. Be2 h6 8.
Be3 Re8 9. Qd2 Bb4 10. a3 Bxc3 11. Qxc3 Nd5 12. Qd2 Nc6 13. O-O-O Be6 14. Ne5 {
Normal} 1/2-1/2

[Event "Rated Blitz game"]
[Site "?"]
[Date "2021.06.02"]
[Round "?"]
[White "NormWeinstein"]
[Black "annaly1979"]
[Result "0-1"]
[WhiteElo "2517"]
[BlackElo "2423"]
[PlyCount "86"]
[EventDate "2021.??.??"]
[EventType "blitz"]

1. e4 e5 2. Nf3 d5 3. d4 dxe4 4. Nxe5 Bd6 5. Bf4 Nf6 6. Be2 O-O 7. O-O Nbd7 8.
Nc3 Re8 9. f3 exf3 10. Bxf3 Nf8 11. Kh1 Bf5 12. Bxb7 Rb8 13. Nc6 Qd7 14. Nxb8
Rxb8 15. Bxd6 cxd6 16. Bf3 Rxb2 17. Rc1 d5 18. Ne2 h6 19. Ng3 Bg6 20. c4 dxc4
21. Rxc4 Ne6 22. d5 Ng5 23. d6 Nxf3 24. Qxf3 Qxd6 25. Ra4 h5 26. Qa3 Qd2 27.
Rg1 h4 28. Nf1 Qf2 29. Rf4 Qc2 30. Ne3 Qe2 31. Nc4 Rxa2 32. Qb3 h3 33. Qxh3 Be4
34. Nd6 Bd5 35. Qc8+ Kh7 36. Qf5+ g6 37. Rh4+ Kg7 38. Qg5 Qxg2+ 39. Qxg2 Bxg2+
40. Rxg2 Ra1+ 41. Rg1 Ra6 42. Nf5+ Kg8 43. Ne7+ Kf8 {Time forfeit} 0-1

[Event "Rated Blitz tournament luIvxcnq"]
[Site "?"]
[Date "2021.06.02"]
[Round "?"]
[White "Gonzaga22"]
[Black "Killerrhino"]
[Result "0-1"]
[WhiteElo "2482"]
[BlackElo "2387"]
[PlyCount "112"]
[EventDate "2021.??.??"]
[EventType "blitz"]

1. e4 e5 2. Nf3 d5 3. d3 dxe4 4. dxe4 Qxd1+ 5. Kxd1 Nf6 6. Bd3 Ng4 7. Ke2 Bc5
8. Rf1 Nc6 9. h3 Nf6 10. Bg5 Be6 11. Bxf6 gxf6 12. Nbd2 O-O-O 13. Nc4 h5 14.
Ne3 Rhg8 15. g3 Bxh3 16. Rh1 Bg4 17. Nxg4 hxg4 18. Nh4 Nd4+ 19. Kd2 Bb6 20. c3
Ne6 21. Ke2 Bxf2 22. Nf5 Bc5 23. Bc4 c6 24. Rh7 Ng5 25. Rh6 Nxe4 26. Bxf7 Rd2+
27. Ke1 Rf8 28. Be6+ Kb8 29. b4 Bf2+ 30. Kf1 Nxg3+ 31. Nxg3 Bxg3 32. Bxg4 f5
33. Be2 f4 34. Rd1 Rxa2 35. Rd7 f3 36. Bd1 e4 37. Rg6 e3 38. Bxf3 Rxf3+ 39. Kg1
Ra1+ 40. Kg2 Rf2+ 41. Kh3 Rh1+ 42. Kg4 Rf4+ 43. Kxg3 Rf8 44. Re6 Rg1+ 45. Kh2
Rg5 46. Rxe3 Rh8+ 47. Rh3 Rxh3+ 48. Kxh3 Rd5 49. Rxd5 cxd5 50. Kg4 Kc7 51. Kf5
Kd6 52. Kf4 b6 53. b5 Kc5 54. Ke5 Kxb5 55. Kxd5 a5 56. c4+ Kb4 {Normal} 0-1

[Event "Rated Blitz game"]
[Site "?"]
[Date "2021.06.02"]
[Round "?"]
[White "Litti"]
[Black "KamranShirazi"]
[Result "0-1"]
[WhiteElo "2488"]
[BlackElo "2532"]
[PlyCount "42"]
[EventDate "2021.??.??"]
[EventType "blitz"]

1. e4 e5 2. Nf3 d5 3. exd5 e4 4. Ne5 Qxd5 5. d4 exd3 6. Nxd3 Bd6 7. Nc3 Qf5 8.
Be2 Nc6 9. O-O Nd4 10. Be3 Nxe2+ 11. Qxe2 Be6 12. Bd4 Nf6 13. Bxf6 gxf6 14. Qe4
O-O-O 15. Qxf5 Bxf5 16. Rad1 Rhg8 17. Rfe1 Bg4 18. Rc1 Bf3 19. g3 f5 20. Ne2
Rg4 21. Nd4 Rxd4 {Normal} 0-1

[Event "Titled Tuesday 1st June"]
[Site "chess.com INT"]
[Date "2021.06.01"]
[Round "11"]
[White "Tsukerman, Julia"]
[Black "Kuderinov, K."]
[Result "0-1"]
[WhiteElo "1523"]
[BlackElo "2409"]
[PlyCount "54"]
[EventDate "2021.06.01"]
[SourceTitle "The Week in Chess 1387"]
[Source "Mark Crowther"]
[SourceDate "2021.06.07"]
[SourceVersion "1"]
[SourceVersionDate "2021.06.07"]
[SourceQuality "2"]

1. e4 e5 2. Nf3 d5 3. exd5 e4 4. Ng1 Nf6 5. d3 Bc5 6. d4 Bb6 7. c4 c6 8. dxc6
Nxc6 9. d5 Ne5 10. h3 Qd6 11. Nc3 Bd7 12. Nge2 Nd3+ 13. Kd2 Bxf2 14. Kc2 Nb4+
15. Kb1 Nd3 16. g4 Bc5 17. Nxe4 Nxe4 18. Qxd3 Nf2 19. Qf3 Nxh1 20. Bf4 Qg6+ 21.
Kc1 Nf2 22. Nc3 O-O 23. Kd2 Rfe8 24. Bg2 Nxg4 25. hxg4 Bxg4 26. Qg3 Bb4 27. a3
Re2+ 0-1

[Event "Titled Tuesday 1st June"]
[Site "chess.com INT"]
[Date "2021.06.01"]
[Round "10"]
[White "Li, Hui"]
[Black "Kuderinov, K."]
[Result "1-0"]
[WhiteElo "1990"]
[BlackElo "2409"]
[PlyCount "109"]
[EventDate "2021.06.01"]
[SourceTitle "The Week in Chess 1387"]
[Source "Mark Crowther"]
[SourceDate "2021.06.07"]
[SourceVersion "1"]
[SourceVersionDate "2021.06.07"]
[SourceQuality "2"]

1. e4 e5 2. Nf3 d5 3. exd5 e4 4. Qe2 f5 5. d3 Nf6 6. Nc3 Bb4 7. dxe4 fxe4 8.
Bd2 O-O 9. Nd4 c6 10. Ne6 Bxe6 11. dxe6 Bxc3 12. Bxc3 Qd5 13. Qc4 Re8 14. Rd1
Qf5 15. e7+ Nd5 16. Be2 Rxe7 17. O-O Nd7 18. f3 N7b6 19. Qb3 e3 20. Rfe1 Kh8
21. Bd4 Rae8 22. Bd3 Qg5 23. Bf1 e2 24. Ra1 exf1=Q+ 25. Rxf1 Re2 26. Rf2 Rxf2
27. Bxf2 Nf4 28. Bg3 Ne2+ 29. Kh1 Nxg3+ 30. hxg3 Qh6+ 31. Kg1 Qe3+ 32. Qxe3
Rxe3 33. Kf2 Re8 34. Rd1 Nc4 35. b3 Nb6 36. c4 h6 37. g4 Re7 38. Rd8+ Kh7 39.
Rd6 Rd7 40. Re6 Rd2+ 41. Re2 Rxa2 42. Rxa2 a6 43. Re2 Nc8 44. Rd2 Nb6 45. Ke3
a5 46. Kd4 Nd7 47. Kc3 Nf6 48. Ra2 b6 49. b4 axb4+ 50. Kxb4 b5 51. cxb5 cxb5
52. Kxb5 Nd5 53. Kc4 Ne3+ 54. Kd3 Nd1 55. Rd2 1-0

[Event "Titled Tuesday 1st June"]
[Site "chess.com INT"]
[Date "2021.06.01"]
[Round "2"]
[White "Korkmaz, N."]
[Black "Christensen, Thom2"]
[Result "1-0"]
[WhiteElo "2101"]
[BlackElo "2154"]
[PlyCount "105"]
[EventDate "2021.06.01"]
[SourceTitle "The Week in Chess 1387"]
[Source "Mark Crowther"]
[SourceDate "2021.06.07"]
[SourceVersion "1"]
[SourceVersionDate "2021.06.07"]
[SourceQuality "2"]

1. e4 e5 2. Nf3 d5 3. Nxe5 Bd6 4. d4 dxe4 5. Nc4 Ne7 6. Nc3 f5 7. Nxd6+ cxd6 8.
d5 Nd7 9. Bf4 Nf6 10. Bc4 O-O 11. O-O Ng6 12. Be3 f4 13. Bd4 f3 14. g3 Qd7 15.
Re1 Qh3 16. Bf1 Qh5 17. Nxe4 Ng4 18. h3 N4e5 19. h4 Nxh4 20. Bxe5 dxe5 21. gxh4
Qxh4 22. Ng3 Rf6 23. d6 Rh6 24. Bc4+ Kh8 25. Qxf3 Rf6 26. Qe2 Bg4 27. Qxe5 Bf3
28. Bd5 Bxd5 29. Qxd5 Rh6 30. Qg2 Rxd6 31. Rad1 Rf6 32. Rd2 Raf8 33. Rde2 h6
34. Re8 Qf4 35. Rxf8+ Rxf8 36. Qe4 Qd2 37. Qe2 Qf4 38. Qe3 Qb4 39. Qc3 Qf4 40.
Re2 Qc1+ 41. Kg2 Qg5 42. Qe5 Qg6 43. Qe4 Qg5 44. Qxb7 h5 45. Re4 h4 46. Qb4
hxg3 47. Rh4+ Kg8 48. Qc4+ Rf7 49. fxg3 Qd2+ 50. Kh3 Qd7+ 51. Rg4 Qf5 52. Qe4
Qh5+ 53. Rh4 1-0